LEADER 01227nam0-22003371i-450- 001 990007885940403321 005 20060331090957.0 010 $a88-222-5300-0 035 $a000788594 035 $aFED01000788594 035 $a(Aleph)000788594FED01 035 $a000788594 100 $a20040517d2004----km-y0itay50------ba 101 0 $aita 102 $aIT 105 $aae--o---001yy 200 1 $aRappresentazioni di divinità e di devoti dall'area sacra urbana di Metaponto$ela coroplastica votiva dalla fine del 7. all'inizio del 5. sec. a. C.$fValentina Barberis 210 $a[Firenze]$cLeo S. Olschki$d2004 215 $a299 p.$cill.$d24 cm 225 1 $aFacoltà di Lettere e Filosofia. Fondo di studi Parini-Chirio$eUniversità degli Studi di Torino$hNuova serie$iArcheologia$v1 610 0 $aMetaponto$aScultura$a7.-5. sec. a.C. 610 0 $aCoroplastica$aMetaponto 676 $a731.2$v21$zita 700 1$aBarberis,$bValentina$0162836 801 0$aIT$bUNINA$gRICA$2UNIMARC 901 $aBK 912 $a990007885940403321 952 $a731.2 BAR 1$bBibl.49433$fFLFBC 959 $aFLFBC 996 $aRappresentazioni di divinità e di devoti dall'area sacra urbana di Metaponto$9280519 997 $aUNINA LEADER 01080nam--2200385---450- 001 990003108810203316 005 20080519151237.0 010 $a1-86189-060-5 035 $a000310881 035 $aUSA01000310881 035 $a(ALEPH)000310881USA01 035 $a000310881 100 $a20080519d2000----km-y0itay50------ba 101 $aeng 102 $aGB 105 $a||||||||001yy 200 1 $a<> postmodern animal$eSteve Baker 210 $aLondon$cReaktion Books$d2000 215 $a207 p.$cill.$d24 cm 225 2 $aEssays in art and culture 410 0$12001$aEssays in art and culture 454 1$12001 461 1$1001-------$12001 606 0 $aPostmodernismo$xAnimali in arte$xAnimali in letteratura 676 $a704.9432 700 1$aBAKER,$bSteve$0308154 801 0$aIT$bsalbc$gISBD 912 $a990003108810203316 951 $aVI.5.B.58$b8499 DSLL 959 $aBK 969 $aDSLL 979 $aDSLL$b90$c20080519$lUSA01$h1511 979 $aDSLL$b90$c20080519$lUSA01$h1512 996 $aPostmodern animal$91020684 997 $aUNISA